| 000 | 00362nam a2200145Ia 4500 | ||
|---|---|---|---|
| 008 | 210210b xxu||||| |||| 00| 0 eng d | ||
| 082 | _a371.4 CARE | ||
| 100 | _a- | ||
| 245 | _aCareer and guidance. | ||
| 260 |
_aHyderabad _bUniversal Information Services _c |
||
| 300 | _axiii,258 | ||
| 650 | _aCareer guidance | ||
| 690 | _aCareer & Counselling | ||
| 906 | _a045066 | ||
| 999 |
_c94221 _d94221 |
||